书目信息 |
| 题名: |
建筑火灾人员疏散风险评估
|
|
| 作者: | 褚冠全 , 汪金辉 著 | |
| 分册: | ||
| 出版信息: | 北京 科学出版社 2017.3 |
|
| 页数: | 350页 | |
| 开本: | 24cm | |
| 丛书名: | ||
| 单 册: | ||
| 中图分类: | TU998.1 | |
| 科图分类: | ||
| 主题词: | 建筑火灾--安全疏散--风险评价 | |
| 电子资源: | ||
| ISBN: | 978-7-03-052212-2 | |
| 000 | 01448nam0 2200277 450 | |
| 001 | 0400009228 | |
| 005 | 20171119150805.0 | |
| 010 | @a978-7-03-052212-2@dCNY139.00 | |
| 100 | @a20170619d2017 em y0chiy50 ea | |
| 101 | 0 | @achi |
| 102 | @aCN@b110000 | |
| 105 | @ay az 000yy | |
| 106 | @ar | |
| 200 | 1 | @a建筑火灾人员疏散风险评估@Ajian zhu huo zai ren yuan shu san feng xian ping gu@f褚冠全,汪金辉著 |
| 210 | @a北京@c科学出版社@d2017.3 | |
| 215 | @a350页@d24cm | |
| 312 | @a封面英文题名:Risk assessment for occupant evacuation in building fires | |
| 320 | @a有书目 | |
| 330 | @a本书基于火灾动力学与统计理论耦合,突出火灾确定性、随机性的双重性规律,结合火灾情形下人员疏散行为的不确定性和复杂性,提出预测火灾导致人员伤亡风险的量化模型,对建筑火灾人员疏散风险评估方法进行了系统阐述。全书共9章,系统介绍了作者及国内外同行多年来的研究成果,内容主要包括建筑火灾人员疏散风险评估的目的和意义、建筑火灾动力学和人员疏散特性、火灾风险评估的不确定性、建筑火灾人员疏散风险量化评估模型、火灾场景发生概率随机性分析、疏散准备时间对疏散时间的影响分析、火灾导致人员伤亡量化评估、建筑火灾人员疏散风险时变分析算例、火灾风险评估在火灾保险和消防决策的应用等。 | |
| 510 | 0 | @aRisk assessment for occupant evacuation in building fires@zeng |
| 606 | 0 | @a建筑火灾@x安全疏散@x风险评价 |
| 690 | @aTU998.1@v5 | |
| 701 | 0 | @a褚冠全@Achu guan quan@4著 |
| 701 | 0 | @a汪金辉@Awang jin hui@4著 |
| 801 | 0 | @aCN@b上海新华@c20171119 |
| 905 | @b1028740-2@dTU998.1@e1391@f3 | |
| 建筑火灾人员疏散风险评估/褚冠全,汪金辉著.-北京:科学出版社,2017.3 |
| 350页;24cm |
| ←并列题名:Risk assessment for occupant evacuation in building fires |
| ISBN 978-7-03-052212-2:CNY139.00 |
| 本书基于火灾动力学与统计理论耦合,突出火灾确定性、随机性的双重性规律,结合火灾情形下人员疏散行为的不确定性和复杂性,提出预测火灾导致人员伤亡风险的量化模型,对建筑火灾人员疏散风险评估方法进行了系统阐述。全书共9章,系统介绍了作者及国内外同行多年来的研究成果,内容主要包括建筑火灾人员疏散风险评估的目的和意义、建筑火灾动力学和人员疏散特性、火灾风险评估的不确定性、建筑火灾人员疏散风险量化评估模型、火灾场景发生概率随机性分析、疏散准备时间对疏散时间的影响分析、火灾导致人员伤亡量化评估、建筑火灾人员疏散风险时变分析算例、火灾风险评估在火灾保险和消防决策的应用等。 |
| ● |
| 相关链接 |
|
|
|
|
正题名:建筑火灾人员疏散风险评估
索取号:TU998.1/1391
 
预约/预借
| 序号 | 登录号 | 条形码 | 馆藏地/架位号 | 状态 | 备注 |
| 1 | 1028740 | 210287401 | 第二样本阅览室/ [索取号:TU998.1/1391] | 在馆 | |
| 2 | 1028741 | 210287410 | 密集书库-生命科学系/ [索取号:TU998.1/1391] | 在馆 | |
| 3 | 1028742 | 210287429 | 第三借阅区/ [索取号:TU998.1/1391] | 在馆 |